Central Library OPAC University of Rajshahi

Industrial management / (Record no. 19192)

MARC details
000 -LEADER
fixed length control field 00692nam a2200253 a 4500
001 - CONTROL NUMBER
control field 19192
003 - CONTROL NUMBER IDENTIFIER
rucl marc code BD-RjUL
005 - DATE AND TIME OF LATEST TRANSACTION
control field 20211209000410.0
008 - FIXED-LENGTH DATA ELEMENTS--GENERAL INFORMATION
fixed length control field 140223s2001 ii ak 00010 eng
020 ## - INTERNATIONAL STANDARD BOOK NUMBER
Terms of availability : IRs. 125.00
035 ## - SYSTEM CONTROL NUMBER
System control number (BD-RjUL)19250
040 ## - CATALOGING SOURCE
Original cataloging agency DLC
Transcribing agency VTU
Modifying agency BOS
-- BD-RjUL
Language of cataloging eng
041 ## - LANGUAGE CODE
Language code of text/sound track or separate title eng
082 ## - DEWEY DECIMAL CLASSIFICATION NUMBER
Classification number 658.5
Author mark and year MUI 2001
Edition number 23
100 1# - MAIN ENTRY--PERSONAL NAME
Personal name Mukhi, H. R.
9 (RLIN) 59043
245 10 - TITLE STATEMENT
Title Industrial management /
Statement of responsibility, etc. H. R. Mukhi
250 ## - EDITION STATEMENT
Edition statement 2nd ed.
260 ## - PUBLICATION, DISTRIBUTION, ETC. (IMPRINT)
Place of publication, distribution, etc. New Delhi :
Name of publisher, distributor, etc. Satya Prakashan,
Date of publication, distribution, etc. 2001.
300 ## - PHYSICAL DESCRIPTION
Pagination 821 p. ;
Size 21 cm.
650 #0 - SUBJECT ADDED ENTRY--TOPICAL TERM
Topical term or geographic name as entry element Factory management.
9 (RLIN) 9511
Topical term or geographic name as entry element Industrial organization.
9 (RLIN) 59044
Topical term or geographic name as entry element Industrial efficiency.
9 (RLIN) 6102
942 ## - ADDED ENTRY ELEMENTS (KOHA)
Source of classification or shelving scheme Dewey Decimal Classification
Koha item type Books
Holdings
Lost status Source of classification or shelving scheme Damaged status Not for loan Collection code Permanent Location Current Location Shelving location Date acquired Source of acquisition Cost, normal purchase price Total Checkouts Full call number Date last seen Date checked out Copy number Koha item type
  Dewey Decimal Classification     Non-fiction Central Library, University of Rajshahi Central Library, University of Rajshahi   16/06/2007 Paragon Ent., Dhaka 125.00 1 658.5 MUI 2001 23/01/2019 09/05/2017 C-2 Books
  Dewey Decimal Classification     Non-fiction Central Library, University of Rajshahi Central Library, University of Rajshahi   16/06/2007 Dhaka, Paragon Enterprises. 125.00   658.5 MUI 2001 06/08/2016   C-3 Books
  Dewey Decimal Classification   Not For Loan Non-fiction Central Library, University of Rajshahi Central Library, University of Rajshahi Reading Room 16/06/2007 Paragon Interprise , Dhaka 125.00   658.5 MUI 2001 15/10/2019   C-1 Books
  Dewey Decimal Classification   Not For Loan Non-fiction Central Library, University of Rajshahi Central Library, University of Rajshahi Reading Room 16/06/2007 Paragon Interprise , Dhaka 125.00   658.5 MUI 2001 15/10/2019   C-4 Books
  Dewey Decimal Classification     Non-fiction Central Library, University of Rajshahi Central Library, University of Rajshahi   16/06/2007 Dhaka, Paragon Enterprises Ltd. 125.00   658.5 MUI 2001 10/10/2021   C-5 Books